Pokémon - Rivaux - René/Barry (Pt) - Statistiques

Statistiques générales
  • Ce quiz a été pris 30 fois
  • Le résultat moyen est 413 sur 483
Statistiques - réponses
Hint Réponse % Correct
Type Acier
100%
Boskara
100%
Talent Brasier
100%
Capacités Charge
100%
Chimpenfeu
100%
Type Combat
100%
Type Eau
100%
Étouraptor
100%
Étourmi
100%
Étourvol
100%
Type Feu
100%
Type Insecte
100%
Type Normal
100%
Ouisticram
100%
Pingoléon
100%
Type Plante
100%
Type Poison
100%
Prinplouf
100%
Ronflex
100%
Simiabraz
100%
Type Sol
100%
Tiplouf
100%
Torterra
100%
Tortipouss
100%
Type Vol
100%
Niv 23
91%
Niv 25
91%
Niv 27
91%
Niv 32
91%
Niv 34
91%
Niv 35
91%
Niv 36
91%
Niv 37
91%
Niv 38
91%
Niv 47
91%
Niv 48
91%
Niv 49
91%
Niv 5
91%
Niv 51
91%
Niv 7
91%
Niv 9
91%
Capacité (x10) | Capacités Aéropique
91%
Capacités Aqua-Jet
91%
Capacités Bomb-Beurk
91%
Capacités Boutefeu
91%
Capacités Casse-Brique
91%
Capacités Close Combat
91%
Capacités Demi-Tour
91%
Capacités Écras'Face
91%
Talent Engrais
91%
Capacités Flammèche
91%
Galopa
91%
Capacités Griffe
91%
Capacités Griffe Acier
91%
Capacités Groz'Yeux
91%
Capacités Lance-Flamme
91%
Capacités Mâchouille
91%
Capacités Mach Punch
91%
Capacités Méga-Sangsue
91%
Capacités Morsure
91%
Mustébouée
91%
Mustéflott
91%
Capacités Picpic
91%
Ponyta
91%
Capacités Repos
91%
Rosélia
91%
Roserade
91%
Capacités Roue de Feu
91%
Capacités Rugissement
91%
Scarhino
91%
Capacités Séisme
91%
Talent Torrent
91%
Capacités Tranch'Herbe
91%
Capacités Vampigraine
91%
Capacités Vive-Attaque
91%
Niv 71
82%
Niv 73
82%
Niv 75
82%
Niv (x20) 79
82%
Capacités Bec Vrille
82%
Capacités Crocs Givre
82%
Capacités Dard-Venin
82%
Talent Glissade
82%
Talent Intimidation
82%
Capacités Mimi-Queue
82%
Capacités Pistolet à O
82%
Capacité (x10) | Capacités Plaquage
82%
Capacités Rebond
82%
Capacités Repli
82%
Capacités Tranche-Nuit
82%
Capacités Tranche-nuit
82%
Niv 59
73%
Niv 61
73%
Talent 63
73%
Niv 65
73%
Niv 69
73%
Niv (x20) 81
73%
Niv (x20) 83
73%
Niv (x20) 85
73%
Capacités Aile d'Acier
73%
Capacités Ball'Ombre
73%
Capacités Bélier
73%
Capacités Bulles d'O
73%
Capacités Combo-Griffe
73%
Capacités Cru-Aile
73%
Capacités Déflagration
73%
Capacité (x10) | Capacités Éboulement
73%
Capacités Écrasement
73%
Talent Essaim
73%
Capacité (x20) Giga Impact
73%
Capacités Giga-Sangsue
73%
Capacités Hydrocanon
73%
Capacités Mégacorne
73%
Capacité (x20) Rapace
73%
Objet Baie Sitrus
64%
Capacités Feuillemagik
64%
Talent Fuite
64%
Capacités Griffe Ombre
64%
Capacité (x20) | Capacités Lame de Roc
64%
Capacités Météores
64%
Capacités Para-Spore
64%
Capacités Poursuite
64%
Talent Regard Vif
64%
Capacités Tempêteverte
64%
Capacités Danseflamme
55%
Capacités Exploforce
55%
Talent Médic Nature
55%
Capacités Reflet
55%
Capacités Synthèse
55%
Niv | Talent Vaccin
55%
Capacités Vol-Vie
55%
Capacités Zénith
55%
Capacités Effort
45%
Capacités Feu Follet
45%
Capacités Koud'Korne
45%
Capacités Psykoud'Boul
45%
Capacités Siffl'Herbe
45%
Capacités Direct Toxik
36%
Capacités Pics Toxik
36%
Capacités Saumure
36%
Capacités Furie
18%
Aucun quiz correspondant
Distribution des résultats
% des personnes avec chaque résultat
Percentile par nombre de réponses
Votre historique - résultats
Vous n’avez pas pris ce quiz